[Event "TUR-chT 2nd League"]
[Site "Denizli"]
[Date "2024.07.16"]
[Round "2.14"]
[White "Bulgurlu, Okan"]
[Black "Yamakoglu, Mustafa Ege"]
[Result "1-0"]
[WhiteElo "1993"]
[BlackElo "1818"]
[PlyCount "45"]
[EventDate "2024.07.15"]
[EventType "team-swiss"]
[EventRounds "9"]
[EventCountry "TUR"]
[SourceTitle "EXT 2025"]
[Source "ChessBase"]
[SourceDate "2024.10.14"]
[SourceVersion "1"]
[SourceVersionDate "2024.10.14"]
[SourceQuality "1"]
[WhiteTeam "Trabzon Feda"]
[BlackTeam "Karaman Yunus Emre"]
[WhiteTeamCountry "TUR"]
[BlackTeamCountry "TUR"]

1. e4 c5 2. Nf3 d6 3. c4 e6 4. d4 cxd4 5. Nxd4 Nc6 6. Nc2 Qc7 7. Nc3 Nf6 8. Be2 Be7 9. 0-0 0-0 10. Ne3 b6 11. f4 Bb7 12. a3 a6 13. b4 Rfd8 14. Bb2 Na7 15. Qd3 b5 16. cxb5 axb5 17. Rf2 Qb6 18. Bf3 Rac8 19. a4 Bc6 20. a5 Qb7 21. Qd4 e5 22. fxe5 dxe5 23. Qxe5 1-0

[Event "TUR-chT 2nd League"]
[Site "Denizli"]
[Date "2024.07.15"]
[Round "1.12"]
[White "Yamakoglu, Mustafa Ege"]
[Black "Aydemir, Umut"]
[Result "0-1"]
[WhiteElo "1818"]
[BlackElo "1940"]
[PlyCount "25"]
[EventDate "2024.07.15"]
[EventType "team-swiss"]
[EventRounds "9"]
[EventCountry "TUR"]
[SourceTitle "EXT 2025"]
[Source "ChessBase"]
[SourceDate "2024.10.14"]
[SourceVersion "1"]
[SourceVersionDate "2024.10.14"]
[SourceQuality "1"]
[WhiteTeam "Karaman Yunus Emre"]
[BlackTeam "Eskiseh Tasci"]
[WhiteTeamCountry "TUR"]
[BlackTeamCountry "TUR"]

1. e4 e5 2. Nf3 Nc6 3. d4 exd4 4. Nxd4 Bc5 5. Nb3 Bb6 6. Nc3 Nge7 7. Qe2 0-0 8. Be3 d6 9. 0-0-0 f5 10. f3 f4 11. Bxb6 axb6 12. a3 Ne5 13. Qd2 0-1